00775nam a22002297a 4500999001900000003000400019020001800023082002100041245005700062260003700119300001000156546001200166650005000178650005900228650002200287650004200309700001800351700002100369700002000390942001200410952012300422 c290388d290388OSt a9788131610862 a307.1412bRAJ/DE aDecentralization, cooperatives and rural development aJaipurbRawat Publicationsc2020 a200p. aEnglish aInterface between Panchayats and Cooperatives aPolitical and administrative decentralization in India aRural development aDrinking water and sanitation service aRajasekhar, D aDevendra Babu, M aManjula, R, Ed. 2ddccBK 00102ddc40708GenaKAUCLVbKAUCLVcGENERALd2023-06-14g875.00l0o307.1412 RAJ/DEp232280r2023-06-14 00:00:00yBK